000 01561nam a2200241Ia 4500
999 _c36785
_d36785
001 2724
003 GE_BSU
005 20190605192128.0
008 181216s2012||||ge |||||||||||||| ||geo||
040 _cGE_BSU
041 _ageo
080 _a271.222(479.22) ჯ–26
100 _aჯაფარიძე, ანანია მიტროპოლიტი
_92177
245 _aცხოვრება და მოღვაწეობა წმიდისა და ნეტარისა მამისა ჩვენისა პეტრე ქართველისა, რომელიც იყო ძე ქართველთა მეფისა /
_cწიგნზე მუშაობდნენ: ანა აბულაძე, ნანა ზაქროშვილი; გამოიცა მანგლისისა და წალკის მიტროპოლიტ ანანიას (ჯაფარიძე) ლოცვა-კურთხევით.
264 _aთბილისი,
_c2012.
300 _a67 გვ. :
_bილ.,
_c20 სმ.
600 _aპეტრე იბერი
_92180
653 _aქართველ წმინდანთა ცხოვრება
700 _aაბულაძე, ანა
_eშემდგენელი
_92181
700 _aზაქროშვილი, ნანა
_eშემდგენელი
_92182
700 _aმიქიაშვილი, მარიამ
_eშემდგენელი
_92183
942 _cBK
_2udc